[Event "Novosibirsk NSU-ch"]
[Site "Novosibirsk"]
[Date "2009.01.16"]
[Round "8"]
[White "Koskin, Anton"]
[Black "Novikov, Sviatoslav"]
[Result "1-0"]
[WhiteElo "1994"]
[BlackElo "1775"]
[PlyCount "71"]
[EventDate "2009.01.02"]
[EventType "swiss"]
[EventRounds "10"]
[EventCountry "RUS"]
[SourceTitle "EXT 2012"]
[Source "ChessBase"]
[SourceDate "2011.11.24"]
[SourceVersion "1"]
[SourceVersionDate "2011.11.24"]
[SourceQuality "1"]

1. e4 c5 2. Nf3 d6 3. d4 cxd4 4. Nxd4 Nf6 5. Nc3 Nc6 6. Bg5 e6 7. Qd2 a6 8. f3 Be7 9. Bc4 h6 10. Be3 Bd7 11. Bb3 b5 12. Nxc6 Bxc6 13. 0-0 0-0 14. Rad1 Qc7 15. Qf2 Rab8 16. Kh1 Rfd8 17. Qg3 Kh7 18. Rd2 Qb7 19. Rfd1 Rd7 20. Qh3 d5 21. e5 Ng8 22. Ne2 Rbd8 23. c3 a5 24. Bc2+ Kh8 25. Nd4 b4 26. g4 Bf8 27. g5 g6 28. gxh6 Ne7 29. Qh4 Nf5 30. Qf6+ Kh7 31. Bxf5 gxf5 32. Rg2 Qa8 33. Rg7+ Kh8 34. Rdg1 Be7 35. Rg8+ Kh7 36. R1g7# 1-0

[Event "Novosibirsk Academ Rating"]
[Site "Novosibirsk"]
[Date "2008.05.30"]
[Round "3"]
[White "Novikov, Sviatoslav"]
[Black "Koskin, Anton"]
[Result "0-1"]
[WhiteElo "1807"]
[BlackElo "1935"]
[PlyCount "120"]
[EventDate "2008.05.30"]
[EventType "tourn"]
[EventRounds "7"]
[EventCountry "RUS"]
[SourceTitle "EXT 2022"]
[Source "ChessBase"]
[SourceDate "2021.10.06"]
[SourceVersion "1"]
[SourceVersionDate "2021.10.06"]
[SourceQuality "1"]

1. e4 c5 2. Nf3 Nc6 3. d4 cxd4 4. Nxd4 Nf6 5. Nc3 e5 6. Ndb5 d6 7. Bg5 a6 8. Na3 b5 9. Bxf6 gxf6 10. Nd5 f5 11. c3 Bg7 12. Bd3 Be6 13. Nc2 0-0 14. 0-0 fxe4 15. Bxe4 f5 16. Bf3 e4 17. Be2 Be5 18. a4 Rb8 19. axb5 axb5 20. Ra6 Ne7 21. Ncb4 Ng6 22. Nc6 Qd7 23. Nxb8 Rxb8 24. Qd2 Qf7 25. Nb4 Nf4 26. Nc6 Qg7 27. g3 Nxe2+ 28. Qxe2 Bc4 29. Qd2 Bxf1 30. Qd5+ Kh8 31. Nxb8 Bc4 32. Qc6 Qg4 33. Qe8+ Bg8 34. Qxb5 f4 35. Qf1 e3 36. fxe3 fxg3 37. hxg3 Qxg3+ 38. Qg2 Qe1+ 39. Qf1 Bh2+ 40. Kxh2 Qxf1 41. Rxd6 Qf2+ 42. Kh3 Qxe3+ 43. Kg2 Qg5+ 44. Kf3 Bd5+ 45. Rxd5 Qxd5+ 46. Kf4 Qd6+ 47. Kf5 Qxb8 48. c4 Qxb2 49. c5 Qb5 50. Ke6 Qxc5 51. Kf7 h5 52. Ke6 h4 53. Kf6 h3 54. Ke6 h2 55. Kf6 h1N 56. Ke6 Kg7 57. Kd7 Qb6 58. Ke8 Qb7 59. Kd8 Kf6 60. Ke8 Qe7# 0-1